|
|
|
|
| LEADER |
00686cam a2200229ua 4500 |
| 008 |
060823t2004||||||||||| 001 ||eng c |
| 020 |
|
|
|a 019566254-7
|
| 041 |
0 |
|
|a eng
|
| 082 |
|
|
|a 330.9 54
|b TIR/E
|
| 100 |
0 |
|
|a Tirthankar, Roy
|
| 245 |
1 |
0 |
|a Economic history of India 1857-1947 /
|c Author
|
| 250 |
|
|
|a 1
|
| 260 |
|
|
|a New York:
|b Oxford,
|c 2004.
|
| 300 |
|
|
|a xxi, 318.
|
| 362 |
1 |
|
|a 2004.
|
| 365 |
|
|
|a Rs 195/-
|e paper back
|
| 500 |
|
|
|a includes index.
|
| 500 |
|
|
|a includes appendix.
|
| 650 |
0 |
|
|a History of India
|
| 942 |
|
|
|c BK
|
| 999 |
|
|
|c 12658
|d 12658
|
| 952 |
|
|
|0 0
|1 0
|4 0
|6 330_900000000000000_54_TIR
|7 0
|9 13204
|a KUCL
|b KUCL
|d 2014-05-23
|l 0
|o 330.9 54 TIR/
|p 15601
|r 2014-05-23
|w 2014-05-23
|y BK
|